000 00697nam a2200193Ia 4500
003 GCL
008 140319s9999 xx 000 0 ara d
040 _aGCL /
_cGCL
082 0 4 _a823.03
_bك و
100 1 _aعبدالحميد سليم (مترجم)
245 1 0 _aوسام الشجاعة الاحمر وقصص مختارة (هدية من الاديب عبدالفتاح الجمل) /
_cعبدالحميد سليم (مترجم)
700 1 _aكرين , ستيفن
700 1 _aعثمان نويه
490 _a
650 0 4 _aالقصة الانجليزية المترجمة
650 0 4 _aالادب الانجليزى المترجم
650 0 4 _aكرين , ستيفن
942 _2ddc
_cBK
999 _c40044
_d40044